Вопросы гидрогенизации масел и жиров: работы института за 1946-47 гг.

Bibliografske podrobnosti
Korporativna značnica: Всесоюзный научно-исследовательский институт жиров
Drugi avtorji: Леонтьевский К. Е. (редактор)
Jezik:ruščina
Izdano: Ленинград, КОИЗ, 1948
Teme:
Format: Knjiga
KOHA link:https://koha.lib.tpu.ru/cgi-bin/koha/opac-detail.pl?biblionumber=371114

MARC

LEADER 00000nam0a2200000 4500
001 371114
005 20231102012339.0
035 |a (RuTPU)RU\TPU\retro\28524 
035 |a RU\TPU\retro\21165 
090 |a 371114 
100 |a 20220916d1948 k y0rusy50 ca 
101 0 |a rus 
102 |a RU 
105 |a a z 001zy 
200 1 |a Вопросы гидрогенизации масел и жиров  |e работы института за 1946-47 гг.  |f Всесоюзный научно-исследовательский институт жиров ; отв. ред. К. Е. Леонтьевский 
210 |a Ленинград  |c КОИЗ  |d 1948 
215 |a 96 с.  |c ил. 
320 |a Библиогр. в конце ст. 
606 1 |a Гидрогенизация жидкофазная  |x Химическая технология  |2 stltpush  |3 (RuTPU)RU\TPU\subj\31795  |9 54553 
610 1 |a масла 
610 1 |a жиры 
675 |a 66.094  |v 3 
702 1 |a Леонтьевский  |b К. Е.  |4 340 
712 0 2 |a Всесоюзный научно-исследовательский институт жиров  |c (Санкт-Петербург)  |2 stltpush  |3 (RuTPU)RU\TPU\col\14762  |9 26012 
801 1 |a RU  |b 63413507  |c 20100330 
801 2 |a RU  |b 63413507  |c 20220920  |g RCR 
942 |c BK